00349nam a2200121Ia 4500003000400000008004100004040001600045082001700061245007000078260006300148300001100211490000500222GCL140319s9999 xx 000 0 ara d aGCL / cGCL04a358.4bع ع10aالعمليات الحاسمة فى تاريخ جنود الجو a[S.N] : bالمكتب المصرى الحديث ، c1970 a335 ص a